Statistiques concernant Culture Générale - Série 279

Cliquez ici pour prendre le quiz!

Statistiques générales

  • Ce quiz a été pris 261 fois
  • Le résultat moyen est 7 sur 10

Statistiques - réponses

QuestionRéponse% Correct
De quel verbe "joignez" est-il une forme impérative ?Joindre
98%
Combien y a-t-il de décagrammes dans un kilogramme ?100
97%
Dans quel membre du corps humain le cubitus se situe-t-il ?Le bras
94%
Qu'appelle-t-on également l'aiguille des secondes ?La trotteuse
81%
En football, quelle nation a remporté l'Euro 2008 ?L'Espagne
79%
Quel nombre s'écrit CM en chiffres romains ?900
64%
Quel jeu de café "claque" quand on gagne une partie gratuite ?Le flipper
64%
Quel tennisman était surnommé Guga ?Gustavo Kuerten
30%
En plus de zapper, que fait Passi selon le titre de sa chanson de 1997 ?Il mate
25%
Qui chante "Bailamos" en 1999 ?Enrique Iglesias
23%

Distribution des résultats

Percentile par nombre de réponses

% des personnes avec chaque résultat

Votre développement - résultats

Vous n’avez pas pris ce quiz